000 03276cam a2200301 4500500
005 20260111145821.0
041 _afre
042 _adc
100 1 0 _aTsibiridou, Fotini
_eauthor
245 0 0 _a« Comment peut-on être Pomak » en Grèce aujourd'hui ?
260 _c2005.
500 _a93
520 _aRésuméÀ l’ère de la « prolifération des identités » et du « règne du spectacle », la redéfinition des identités dans les régions à forte altérité culturelle se fait sous la pression des politiques d’hégémonie. Ces politiques, en tant que « politiques du lieu » gérant des environnements changeants par excellence (la Thrace par exemple), sont particulièrement à l’œuvre pour les minorités telles que les Pomaks (musulmans slavophones). Les « sujets sociaux » (individus, groupes hiérarchiquement situés) de conditions différentes se voient marginalisés quant à leurs droits et à leurs modes de vie. Réfléchissant à l’impact de ces politiques, l’auteur examine la manière dont l’analyse ethnographique, combinée à l’approche cinématographique, met en avant et va jusqu’à provoquer discriminations sociales, inégalités et médiations.
520 _aIn a time in which identities are proliferating and spectacle is everywhere the redefinition of identities in regions marked with a strong cultural alterity is subjected to hegemonic policies. These local policies that handle changing environments par excellence (Thrace, for instance) apply more especially to minorities such as the Pomaks (Slavic-speaking muslims). « Social subjects » (individuals, hierarchically situated groups) of various condition are marginalized with regards to their rights and way of life. The author examines the impact of these policies and the way the ethnographical analysis combined with a cinematographic approach points out and even provokes social discriminations, unequalities and mediations.
520 _aZusammenfassungIn einer Zeit der Proliferation der Identitäten und der herrschenden Schau wird die Redefinierung der Identitäten in Gegenden mit starker kulturellen Alterität dem Druck hegemonischer Politiken unterworfen. Diese lokale Politiken, die sich mit schlechthin wechselhafte Umgebungen befassen (Thrakien, zum Beispiel) werden besonders auf Minderheiten wie die der Pomaken (Slawischsprachigen Muslimen) angewandt. Soziale Subjekte (Individuen, hierarchisch situierte Gruppen) verschiedener Herkunft werden marginalisiert bezüglich ihrer Rechte und Lebensweisen. Die Autorin untersucht die Wirkung solcher Politiken und studiert wie die mit der kinematographischen Studie kombinierte ethnographische Analyse soziale Diskriminierungen, Ungleichheiten und Vermittlungen hervorhebt und sogar hervorruft.
690 _acinéma ethnographique
690 _ahégémonie
690 _aminorité ethnique
690 _aPomak
690 _aThrace
690 _aethnic minority
690 _aethnographical cinema
690 _ahegemony
690 _aPomak
690 _aThrace
786 0 _nEthnologie française | 35 | 2 | 2005-06-01 | p. 291-304 | 0046-2616
856 4 1 _uhttps://shs.cairn.info/revue-ethnologie-francaise-2005-2-page-291?lang=fr&redirect-ssocas=7080
999 _c1636524
_d1636524